000 00586nam a22001937a 4500
003 BUBTL
008 171226b xxu||||| |||| 00| 0 eng d
082 _a657.042/ B299p/ 2009
100 _97
_aBasu, Shankar Prasad
245 _aPractice in Accountancy (Vol-1) :
_cSankar prasad Basu, Monilal Das
250 _a11th
260 _aKolkata
_bRabindra Library
_cc2009
300 _a[xiv], 1243p . :
_bill. 22cm .
650 0 _95
_aAccounting
700 _91685
_aSankar prasad Basu, Monilal Das
856 _k0
_l0
_yDownload
942 _2ddc
_cBK
999 _c5620
_d5620